| Tag |
First Indicator |
Second Indicator |
Subfields |
| LEADER |
00000cam a2200000 4500 |
| 001 |
in00000022195 |
| 005 |
20151007063911.0 |
| 008 |
720713s1964 cau b 00000 eng u |
| 010 |
|
|
|a 64021949
|
| 035 |
|
|
|a (OCoLC)00355193
|
| 035 |
|
|
|9 AAD8543AM
|
| 040 |
|
|
|c WSU
|d OCL
|d TXA
|d UtOrBLW
|
| 049 |
|
|
|a TXAM
|c 1 [451605]
|c 2 [424298]
|
| 050 |
|
0 |
|a PR3457
|b .S3
|
| 092 |
|
|
|a 823.09
|b S121f
|
| 100 |
1 |
|
|a Sacks, Sheldon,
|d 1930-
|
| 245 |
1 |
0 |
|a Fiction and the shape of belief ;
|b a study of Henry Fielding, with glances at Swift, Johnson, and Richardson.
|
| 264 |
|
1 |
|a Berkeley :
|b University of California Press,
|c 1964.
|
| 300 |
|
|
|a viii, 278 pages ;
|c 25 cm.
|
| 336 |
|
|
|a text
|b txt
|2 rdacontent
|
| 337 |
|
|
|a unmediated
|b n
|2 rdamedia
|
| 338 |
|
|
|a volume
|b nc
|2 rdacarrier
|
| 504 |
|
|
|a Bibliographical footnotes.
|
| 600 |
1 |
0 |
|a Fielding, Henry,
|d 1707-1754.
|
| 650 |
|
0 |
|a English fiction
|y 18th century
|x History and criticism.
|
| 650 |
|
0 |
|a Literature and morals.
|
| 999 |
|
|
|a MARS
|
| 999 |
f |
f |
|s 6a1399cc-26c5-307b-b7af-dd975016cd24
|i d5157a52-b240-340a-89ff-bba28a83ca5a
|t 0
|
| 952 |
f |
f |
|p normal
|a Texas A&M University
|b College Station
|c Sterling C. Evans Library
|s Evans stk
|d Evans: Library Stacks
|t 0
|e PR3457 .S3
|h Library of Congress classification
|i unmediated -- volume
|m A14801335764
|
| 998 |
f |
f |
|a PR3457 .S3
|t 0
|l Evans: Library Stacks
|